000 00523nam a2200181Ia 4500
003 GCL
008 140319s9999 xx 000 0 ara d
040 _aGCL /
_cGCL
082 0 4 _a923.2
_bا ش
100 1 _aاحمد الشرباصى
245 1 0 _aشكيب ارسلان داعية العروبة والاسلام . /
_cاحمد الشرباصى
260 _a[S.N] :
_bدار الجيل ،
_c1978
300 _a323 ص
490 _a
650 0 4 _aالتراجم
650 0 4 _aشكيب ارسلان
942 _2ddc
_cBK
999 _c35438
_d35438